[Event "Noisiel op 5th"]
[Site "Noisiel"]
[Date "2020.02.15"]
[Round "1"]
[White "Mohite, Ranveer"]
[Black "Delmas Goyon, Francois"]
[Result "1-0"]
[WhiteElo "2231"]
[BlackElo "1902"]
[PlyCount "87"]
[EventDate "2020.02.15"]
[EventType "swiss"]
[EventRounds "9"]
[EventCountry "FRA"]
[SourceTitle "CBM 195 Extra"]
[Source "ChessBase"]
[SourceDate "2020.05.31"]
[SourceVersion "1"]
[SourceVersionDate "2020.05.31"]
[SourceQuality "1"]

1. e4 c5 2. Nf3 e6 3. d4 cxd4 4. Nxd4 Nc6 5. Nc3 Qc7 6. Be3 a6 7. Qd2 Nf6 8. 0-0-0 Bb4 9. f3 d5 10. a3 Bxc3 11. Qxc3 0-0 12. e5 Nd7 13. f4 Re8 14. Bd3 Qa5 15. b4 Qa4 16. Qb3 Qxb3 17. Nxb3 b6 18. Rhe1 Bb7 19. Kb2 Red8 20. g3 Rac8 21. c3 a5 22. Bb5 axb4 23. cxb4 Ncb8 24. Be2 Na6 25. Rc1 Kf8 26. Nd4 Nc7 27. Rc2 Ne8 28. Rec1 Rxc2+ 29. Rxc2 Rb8 30. Bb5 Ke7 31. Nc6+ Bxc6 32. Rxc6 Kd8 33. a4 Nc7 34. Bd3 g6 35. Bd4 Rb7 36. Ka3 Na8 37. Ba6 Rc7 38. Bb5 Ra7 39. Rd6 Ke7 40. a5 f6 41. Rxd7+ Rxd7 42. Bxd7 Nc7 43. Bc6 bxa5 44. bxa5 1-0

[Event "New Delhi Parsvnath op-A 18th"]
[Site "New Delhi"]
[Date "2020.01.10"]
[Round "3"]
[White "Vasquez Schroder, Rodrigo Rafael"]
[Black "Mohite, Ranveer"]
[Result "1/2-1/2"]
[WhiteElo "2487"]
[BlackElo "2281"]
[PlyCount "96"]
[EventDate "2020.01.09"]
[EventType "swiss"]
[EventRounds "10"]
[EventCountry "IND"]
[SourceTitle "CBM 194 Extra"]
[Source "ChessBase"]
[SourceDate "2020.03.31"]
[SourceVersion "1"]
[SourceVersionDate "2020.03.31"]
[SourceQuality "1"]

1. d4 Nf6 2. Nf3 g6 3. c4 Bg7 4. g3 0-0 5. Bg2 c6 6. 0-0 d5 7. cxd5 cxd5 8. Ne5 Ne4 9. Nd2 Nxd2 10. Bxd2 Nd7 11. Bc3 Nf6 12. f3 Qb6 13. e3 Qe6 14. Re1 b6 15. a4 Nd7 16. Nd3 a5 17. Nf4 Qd6 18. Nxd5 Bb7 19. Nf4 Rfd8 20. Nd3 Rac8 21. f4 Bxg2 22. Kxg2 Qc6+ 23. Qf3 Qc4 24. Ne5 Nxe5 25. fxe5 e6 26. Qe2 Qc6+ 27. Kg1 Bf8 28. Qg2 Qc4 29. Qe4 Rd7 30. Rec1 Rdc7 31. Qc2 Qd5 32. Qe2 Bb4 33. Qd3 Qb3 34. Qb5 Qc4 35. Rc2 Bxc3 36. Rac1 Qb4 37. bxc3 Rxc3 38. Rxc3 Rxc3 39. Qe8+ Kg7 40. Rf1 Rc7 41. Qd8 Qe7 42. Qxe7 Rxe7 43. Rb1 Rb7 44. Rb5 Rc7 45. Rxb6 Rc4 46. h3 Rxa4 47. h4 h5 48. Kf2 Ra2+ 1/2-1/2

[Event "Mumbai Wealth op 5th"]
[Site "Mumbai"]
[Date "2020.01.06"]
[Round "8"]
[White "Mohite, Ranveer"]
[Black "Pandey, Srishti"]
[Result "1-0"]
[WhiteElo "2281"]
[BlackElo "2162"]
[PlyCount "124"]
[EventDate "2019.12.30"]
[EventType "swiss"]
[EventRounds "9"]
[EventCountry "IND"]
[SourceTitle "CBM 194 Extra"]
[Source "ChessBase"]
[SourceDate "2020.03.31"]
[SourceVersion "1"]
[SourceVersionDate "2020.03.31"]
[SourceQuality "1"]

1. e4 e6 2. d4 d5 3. Nc3 Nf6 4. Bg5 Bb4 5. exd5 Qxd5 6. Bxf6 Bxc3+ 7. bxc3 gxf6 8. Qd2 Bd7 9. c4 Qe4+ 10. Ne2 c5 11. f3 Qg6 12. 0-0-0 Na6 13. Nc3 cxd4 14. Qxd4 0-0-0 15. Qxa7 Qg5+ 16. Kb2 Qa5 17. a3 Bc6 18. Bd3 Qg5 19. Nb5 Qc5 20. Qxc5 Nxc5 21. Be2 Bxb5 22. cxb5 Kc7 23. g3 b6 24. Rxd8 Rxd8 25. Rd1 Na4+ 26. Kb3 Nc5+ 27. Kc3 Ra8 28. Ra1 f5 29. Bc4 h5 30. Bb3 h4 31. Kb4 Rd8 32. Kc3 Rg8 33. Rg1 f4 34. g4 Rg5 35. Bc4 Re5 36. Rf1 Re3+ 37. Kb4 Nd7 38. Rf2 Ne5 39. Be2 Nd7 40. a4 Nf6 41. Bc4 Nd7 42. a5 bxa5+ 43. Kxa5 Ra3+ 44. Kb4 Re3 45. Bd3 Kb6 46. g5 Nc5 47. Bc4 Re1 48. g6 Rb1+ 49. Kc3 fxg6 50. Rg2 Re1 51. Rxg6 Re3+ 52. Kb4 Rxf3 53. Bxe6 Nxe6 54. Rxe6+ Kb7 55. c4 Rf2 56. Re7+ Kc8 57. h3 f3 58. Rf7 Rf1 59. Kc5 Kd8 60. b6 f2 61. b7 Rb1 62. Kc6 Ke8 1-0

[Event "Dieren op"]
[Site "Dieren"]
[Date "2019.07.27"]
[Round "5"]
[White "Mohite, Ranveer"]
[Black "Maatman, Nick"]
[Result "1/2-1/2"]
[WhiteElo "2229"]
[BlackElo "2407"]
[PlyCount "121"]
[EventDate "2019.07.23"]
[EventType "swiss"]
[EventRounds "9"]
[EventCountry "NED"]
[SourceTitle "CBM 191 Extra"]
[Source "ChessBase"]
[SourceDate "2019.09.30"]
[SourceVersion "1"]
[SourceVersionDate "2019.09.30"]
[SourceQuality "1"]

1. e4 e6 2. d4 d5 3. Nc3 Bb4 4. e5 Ne7 5. a3 Bxc3+ 6. bxc3 c5 7. h4 Qc7 8. h5 h6 9. Bd2 b6 10. Qg4 Kf8 11. Nh3 Ba6 12. Bxa6 Nxa6 13. Qe2 Nb8 14. 0-0 Nbc6 15. Qd3 Na5 16. Rad1 Rc8 17. f4 Ke8 18. Qf3 g6 19. hxg6 fxg6 20. f5 gxf5 21. Nf4 Kd7 22. Be1 c4 23. Bh4 Nac6 24. Qh5 Rh7 25. Rf3 Rg8 26. Rdf1 Qc8 27. Bf6 Qe8 28. Qxe8+ Rxe8 29. Rg3 Rg8 30. Rff3 Rg4 31. Nh5 Rxg3 32. Rxg3 Rf7 33. Kf2 a5 34. Nf4 Na7 35. Ke2 a4 36. Bxe7 Rxe7 37. Rg8 Nb5 38. Kd2 Nxa3 39. Ra8 Nb5 40. Rxa4 Rg7 41. Ra8 Rg4 42. Ke3 Rg3+ 43. Kd2 Rg4 44. Ke3 Rg3+ 45. Kd2 Nxc3 46. Ra7+ Kc8 47. Nxe6 Nb5 48. Rf7 c3+ 49. Kd1 Rxg2 50. Nf4 Rd2+ 51. Ke1 Nxd4 52. e6 Nxc2+ 53. Kf1 Ne3+ 54. Ke1 Nc2+ 55. Kf1 Ne3+ 56. Ke1 Kd8 57. Rd7+ Ke8 58. Nh5 Nc2+ 59. Kf1 Ne3+ 60. Ke1 Nc2+ 61. Kf1 1/2-1/2

[Event "Riga RTU rapid op"]
[Site "Riga"]
[Date "2019.07.04"]
[Round "7"]
[White "Solys, Laimutis"]
[Black "Mohite, Ranveer"]
[Result "1-0"]
[WhiteElo "2143"]
[BlackElo "1935"]
[PlyCount "95"]
[EventDate "2019.07.04"]
[EventType "swiss (rapid)"]
[EventRounds "9"]
[EventCountry "LAT"]
[SourceTitle "EXT 2020"]
[Source "ChessBase"]
[SourceDate "2019.10.17"]
[SourceVersion "1"]
[SourceVersionDate "2019.10.17"]
[SourceQuality "1"]

1. e4 e5 2. Nf3 Nc6 3. Bb5 a6 4. Ba4 Nf6 5. 0-0 Be7 6. Re1 b5 7. Bb3 d6 8. a4 Bd7 9. c3 0-0 10. h3 Na5 11. Bc2 c5 12. d4 cxd4 13. cxd4 Nc6 14. Nc3 b4 15. Ne2 Re8 16. Ng3 g6 17. b3 Bf8 18. Bb2 Qb6 19. Qd2 Rad8 20. Rad1 Bg7 21. Qc1 Rc8 22. Qa1 exd4 23. Nxd4 Ne5 24. Bb1 h5 25. Kh1 h4 26. Nf1 Nh5 27. Ne3 Nf4 28. Ne2 Nxe2 29. Rxe2 Rc3 30. Nd5 Qb8 31. Nxc3 bxc3 32. Bxc3 Bh6 33. Bc2 Qc8 34. Bb4 Bxh3 35. f3 Bxg2+ 36. Kxg2 Nxf3 37. Bxd6 Qg4+ 38. Kf2 Bg7 39. Qc1 Nd4 40. Qe3 Nxe2 41. Qxe2 Qg5 42. Qf3 Rc8 43. Bd3 Bd4+ 44. Ke2 Qa5 45. Bc4 Qb6 46. Qxf7+ Kh8 47. Qxg6 Bg7 48. Qh5+ 1-0

[Event "Graz op-A"]
[Site "Graz"]
[Date "2019.02.21"]
[Round "6"]
[White "Mohite, Ranveer"]
[Black "Nguyen, Piotr"]
[Result "1/2-1/2"]
[WhiteElo "2238"]
[BlackElo "2420"]
[PlyCount "100"]
[EventDate "2019.02.17"]
[EventType "swiss"]
[EventRounds "9"]
[EventCountry "AUT"]
[SourceTitle "CBM 189 Extra"]
[Source "ChessBase"]
[SourceDate "2019.06.03"]
[SourceVersion "1"]
[SourceVersionDate "2019.06.03"]
[SourceQuality "1"]

1. e4 g6 2. d4 Bg7 3. Nc3 d6 4. Be3 c6 5. Qd2 b5 6. f3 Nd7 7. h4 h5 8. 0-0-0 Qa5 9. Kb1 Nb6 10. a3 Rb8 11. Na2 Qxd2 12. Rxd2 Nc4 13. Bxc4 bxc4 14. c3 a5 15. Nh3 Bxh3 16. Rxh3 d5 17. Nc1 Nf6 18. Bf4 Rb7 19. Re2 Nd7 20. Rh1 Nb6 21. Ka1 Na4 22. Rd1 Kd7 23. Rc2 e6 24. Ne2 Bh6 25. Bxh6 Rxh6 26. Rf1 Rh8 27. Rd1 Ke7 28. Rh1 Rb5 29. Rd1 Nb6 30. Rf1 Nd7 31. Rd2 Nf6 32. Ng3 Rbb8 33. Re2 Rbg8 34. f4 Nxe4 35. Nxe4 dxe4 36. Rxe4 Rd8 37. a4 Rd5 38. Kb1 Rb8 39. Rf2 Rb7 40. Rfe2 Kf6 41. Re5 Rbd7 42. Kc2 Rb7 43. Re1 Rb6 44. R1e2 Rb7 45. Re1 Ke7 46. R1e2 Kd6 47. Re1 Rb3 48. R1e2 Rb7 49. Re1 Rb6 50. R1e2 Rb7 1/2-1/2

[Event "Graz op-A"]
[Site "Graz"]
[Date "2019.02.19"]
[Round "3"]
[White "Kryakvin, Dmitry"]
[Black "Mohite, Ranveer"]
[Result "1-0"]
[WhiteElo "2588"]
[BlackElo "2238"]
[PlyCount "79"]
[EventDate "2019.02.17"]
[EventType "swiss"]
[EventRounds "9"]
[EventCountry "AUT"]
[SourceTitle "CBM 189 Extra"]
[Source "ChessBase"]
[SourceDate "2019.06.03"]
[SourceVersion "1"]
[SourceVersionDate "2019.06.03"]
[SourceQuality "1"]

1. g3 Nf6 2. Bg2 d5 3. d4 g6 4. Nf3 Bg7 5. 0-0 0-0 6. c3 c6 7. Nbd2 Bf5 8. Nh4 Be6 9. Qc2 Qc8 10. Re1 g5 11. Nhf3 Bf5 12. Qb3 h6 13. h4 g4 14. Ne5 Nbd7 15. Nxd7 Qxd7 16. e4 dxe4 17. Nxe4 Nxe4 18. Bxe4 Bxe4 19. Rxe4 Rfe8 20. Bf4 Qd5 21. Qc2 h5 22. Rae1 Qf5 23. Qb3 b6 24. Rxe7 Rxe7 25. Rxe7 Rd8 26. Kh2 Bh6 27. Re5 Qf6 28. Re4 Qg6 29. Qc2 Bxf4 30. gxf4 c5 31. dxc5 bxc5 32. Qe2 c4 33. Rxc4 Rd3 34. Kg2 g3 35. f3 Qd6 36. Rd4 Rxd4 37. cxd4 Kf8 38. Qe5 Qg6 39. f5 Qa6 40. f6 1-0

[Event "Lienz op 20th"]
[Site "Lienz"]
[Date "2019.02.15"]
[Round "8"]
[White "Mohite, Ranveer"]
[Black "Rieger, Robert"]
[Result "0-1"]
[WhiteElo "2238"]
[BlackElo "2283"]
[PlyCount "124"]
[EventDate "2019.02.09"]
[EventType "swiss"]
[EventRounds "9"]
[EventCountry "AUT"]
[SourceTitle "CBM 188 Extra"]
[Source "ChessBase"]
[SourceDate "2019.02.26"]
[SourceVersion "1"]
[SourceVersionDate "2019.02.26"]
[SourceQuality "1"]

1. e4 c5 2. Nf3 Nc6 3. d4 cxd4 4. Nxd4 Qb6 5. Nb3 Nf6 6. Nc3 e6 7. Qe2 Bb4 8. Bd2 0-0 9. a3 Bxc3 10. Bxc3 e5 11. 0-0-0 a5 12. Rd6 Ne8 13. Rd3 d6 14. Rd1 Be6 15. Nd2 Qc7 16. Nf3 Rb8 17. Qb5 b6 18. Ng5 Bd7 19. f4 exf4 20. Qd5 Qc8 21. e5 Be6 22. Nxe6 fxe6 23. Qe4 d5 24. Qf3 b5 25. Bd4 b4 26. a4 Qc7 27. Bb5 Nxd4 28. Rxd4 Qxe5 29. Rd2 Nc7 30. Re2 Qf6 31. Rhe1 Rf7 32. Qf2 f3 33. gxf3 Re7 34. Qa7 Ra8 35. Qb7 Qf4+ 36. Kb1 Qd6 37. Re5 Rd8 38. Bd3 Rf8 39. Qa7 g6 40. h4 b3 41. Qxa5 Ra8 42. Qc3 Rxa4 43. h5 bxc2+ 44. Bxc2 d4 45. Qd2 Ra7 46. hxg6 Qa6 47. gxh7+ Kh8 48. Bb3 d3 49. Ba4 Qxa4 50. Qxd3 Qa2+ 51. Kc2 Nd5 52. Qd4 Ra4 53. Rxd5+ Rxd4 54. Rxd4 Rc7+ 55. Kd3 Qb3+ 56. Ke4 Qxb2 57. Rd3 Rc4+ 58. Ke3 Qe5+ 59. Kd2 Qa5+ 60. Kd1 Qa4+ 61. Ke2 Rc2+ 62. Ke3 e5 0-1

[Event "Lienz op 20th"]
[Site "Lienz"]
[Date "2019.02.12"]
[Round "5"]
[White "Mohite, Ranveer"]
[Black "Low, Zhen Yu Cyrus"]
[Result "0-1"]
[WhiteElo "2238"]
[BlackElo "2377"]
[PlyCount "136"]
[EventDate "2019.02.09"]
[EventType "swiss"]
[EventRounds "9"]
[EventCountry "AUT"]
[SourceTitle "CBM 188 Extra"]
[Source "ChessBase"]
[SourceDate "2019.02.26"]
[SourceVersion "1"]
[SourceVersionDate "2019.02.26"]
[SourceQuality "1"]

1. e4 c6 2. d4 d5 3. e5 c5 4. dxc5 e6 5. Nf3 Bxc5 6. Be2 Nc6 7. a3 Nge7 8. b4 Bb6 9. Bb2 Ng6 10. 0-0 Bc7 11. Re1 Ngxe5 12. b5 Qf6 13. Kf1 Qh6 14. bxc6 Nxf3 15. Bxf3 Qxh2 16. Bxd5 Qh1+ 17. Ke2 Qh5+ 18. Bf3 Qb5+ 19. Qd3 Qxb2 20. Nc3 Ba5 21. Na4 Qe5+ 22. Kf1 Bxe1 23. Rxe1 Qc7 24. cxb7 Bxb7 25. Qb5+ Qd7 26. Qxb7 Qxb7 27. Bxb7 Rb8 28. Be4 Ke7 29. Nc5 h5 30. Na6 Rb6 31. Nb4 Rc8 32. Bd3 Kf6 33. Na2 Rb2 34. Ra1 Ke5 35. Ke2 Kd4 36. Kd2 e5 37. Nb4 a5 38. Kc1 Rb3 39. Bf5 Rcc3 40. Na2 Rc7 41. a4 g6 42. Bd7 Rb6 43. c3+ Ke4 44. Bb5 Rf6 45. f3+ Ke3 46. c4 Rd6 47. Nc3 Rd3 48. Kc2 Rd2+ 49. Kb3 Rc8 50. c5 Rxg2 51. c6 h4 52. Nd5+ Kf2 53. Ne7 Rf8 54. c7 h3 55. c8Q Rxc8 56. Nxc8 h2 57. Nd6 f5 58. Nc4 Kg3 59. Rh1 Rg1 60. Rxh2 Kxh2 61. Nxe5 g5 62. Bd7 Kg3 63. Nf7 Kf4 64. Nh6 Rd1 65. Bc8 Rd8 66. Bxf5 Rd6 67. Kc4 Rxh6 68. Bg4 Rb6 0-1

[Event "Lienz op 20th"]
[Site "Lienz"]
[Date "2019.02.09"]
[Round "1"]
[White "Mohite, Ranveer"]
[Black "Solodovnichenko, Yuri"]
[Result "0-1"]
[WhiteElo "2238"]
[BlackElo "2574"]
[PlyCount "112"]
[EventDate "2019.02.09"]
[EventType "swiss"]
[EventRounds "9"]
[EventCountry "AUT"]
[SourceTitle "CBM 188 Extra"]
[Source "ChessBase"]
[SourceDate "2019.02.26"]
[SourceVersion "1"]
[SourceVersionDate "2019.02.26"]
[SourceQuality "1"]

1. e4 c5 2. Nf3 e6 3. d4 cxd4 4. Nxd4 Nc6 5. Nc3 d6 6. Be3 Nf6 7. Qd2 Be7 8. f3 0-0 9. 0-0-0 a6 10. Kb1 Nxd4 11. Bxd4 Nd7 12. Qf2 b5 13. f4 b4 14. Na4 Bb7 15. Bd3 e5 16. fxe5 dxe5 17. Be3 Qc8 18. Rhe1 Qc6 19. Nb6 Nxb6 20. Bxb6 a5 21. b3 Ba6 22. Be3 a4 23. Bxa6 Rxa6 24. Rd5 Rfa8 25. Re2 f5 26. Qf3 f4 27. Bc1 Bc5 28. Rxe5 Bd4 29. Rd5 Bc3 30. Qd3 axb3 31. cxb3 Qc7 32. e5 Re6 33. Rd7 Qc5 34. Qf5 Re7 35. Rxe7 Qxe7 36. Qxf4 Kh8 37. Qc4 Qe8 38. e6 h6 39. e7 Ra7 40. Bb2 Bxb2 41. Qc5 Bd4 42. Qxd4 Rxe7 43. Rd2 Qg6+ 44. Qd3 Re1+ 45. Kc2 Qc6+ 46. Qc4 Qg6+ 47. Qd3 Qc6+ 48. Qc4 Qa8 49. Qxb4 Qxa2+ 50. Kd3 Qb1+ 51. Rc2 Rd1+ 52. Kc3 Qa1+ 53. Rb2 Rc1+ 54. Kd3 Qxb2 55. Qf8+ Kh7 56. Qf5+ g6 0-1

[Event "Mumbai Wealth op 4th"]
[Site "Mumbai"]
[Date "2018.12.31"]
[Round "2"]
[White "Manik, Mikulas"]
[Black "Mohite, Ranveer"]
[Result "1/2-1/2"]
[WhiteElo "2410"]
[BlackElo "2236"]
[PlyCount "117"]
[EventDate "2018.12.30"]
[EventType "swiss"]
[EventRounds "9"]
[EventCountry "IND"]
[SourceTitle "CBM 188 Extra"]
[Source "ChessBase"]
[SourceDate "2019.02.26"]
[SourceVersion "1"]
[SourceVersionDate "2019.02.26"]
[SourceQuality "1"]

1. e4 c5 2. Nf3 d6 3. d4 cxd4 4. Nxd4 Nf6 5. Nc3 Nc6 6. Bg5 e6 7. Qd2 a6 8. 0-0-0 Bd7 9. f3 Nxd4 10. Qxd4 Be7 11. Kb1 b5 12. g4 Qc7 13. h4 Rb8 14. h5 h6 15. Be3 b4 16. Ne2 0-0 17. Qd2 Nh7 18. e5 d5 19. Nd4 a5 20. Bd3 Ng5 21. f4 Ne4 22. Bxe4 dxe4 23. Qg2 a4 24. Qxe4 Bc5 25. Rh2 Rfd8 26. Rhd2 Be8 27. f5 Bxd4 28. Rxd4 b3 29. Rxd8 Rxd8 30. Rxd8 bxc2+ 31. Qxc2 Qxd8 32. b3 axb3 33. axb3 Bb5 34. Kb2 Bd3 35. Qd2 Qd5 36. Kc3 Be4 37. Qxd5 Bxd5 38. b4 exf5 39. gxf5 Bf3 40. b5 Kf8 41. b6 Ke8 42. f6 gxf6 43. Bxh6 Kd7 44. Bf4 Kc6 45. h6 Be4 46. Be3 fxe5 47. Kb4 Bg6 48. Ka5 Kb7 49. Bg5 f5 50. Bf6 e4 51. Bg5 Bh7 52. Be3 Bg6 53. Bc5 f4 54. Bd6 e3 55. Bxf4 e2 56. Bg3 Bh7 57. Bf2 Bg6 58. Be1 Bh7 59. Kb5 1/2-1/2

[Event "Zadar op-A 25th"]
[Site "Zadar"]
[Date "2018.12.20"]
[Round "7"]
[White "Mohite, Ranveer"]
[Black "Sapale, Saloni"]
[Result "1/2-1/2"]
[WhiteElo "2236"]
[BlackElo "2187"]
[PlyCount "109"]
[EventDate "2018.12.15"]
[EventType "swiss"]
[EventRounds "9"]
[EventCountry "CRO"]
[SourceTitle "CBM 187 Extra"]
[Source "ChessBase"]
[SourceDate "2018.11.04"]
[SourceVersion "1"]
[SourceVersionDate "2018.11.04"]
[SourceQuality "1"]

1. e4 c5 2. Nc3 d6 3. d4 cxd4 4. Qxd4 Nc6 5. Qd2 Nf6 6. b3 e6 7. Bb2 Be7 8. 0-0-0 0-0 9. f4 Qa5 10. Kb1 Rd8 11. Qe1 d5 12. e5 Nd7 13. Nb5 Qxe1 14. Rxe1 Nc5 15. Nf3 a6 16. Nbd4 Ne4 17. Bd3 Nf2 18. Rhf1 Nxd3 19. cxd3 Bd7 20. Rc1 Rdc8 21. Rfd1 Nxd4 22. Bxd4 Rxc1+ 23. Rxc1 Rc8 24. Rxc8+ Bxc8 25. Kb2 Bd7 26. Kc3 Kf8 27. Bb6 Ke8 28. b4 Ba4 29. Bc5 Bd8 30. Kd2 a5 31. a3 axb4 32. axb4 Bd7 33. Ke3 f6 34. g3 Kf7 35. h3 Ba4 36. Ke2 Bd7 37. Kf2 Bb5 38. Ke3 Ba4 39. Ke2 Bd7 40. g4 Bc7 41. Bd4 Bd8 42. Ke3 Ba4 43. Ke2 Bd7 44. h4 h5 45. exf6 gxf6 46. g5 e5 47. fxe5 fxg5 48. Nxg5+ Bxg5 49. hxg5 Kg6 50. Be3 Kf5 51. d4 b5 52. Kf3 Be8 53. g6 Bxg6 54. Bh6 Ke6 55. Kf4 1/2-1/2

[Event "Zadar op-A 25th"]
[Site "Zadar"]
[Date "2018.12.18"]
[Round "5"]
[White "Salimova, Nurgyul"]
[Black "Mohite, Ranveer"]
[Result "1-0"]
[WhiteElo "2377"]
[BlackElo "2236"]
[PlyCount "71"]
[EventDate "2018.12.15"]
[EventType "swiss"]
[EventRounds "9"]
[EventCountry "CRO"]
[SourceTitle "CBM 187 Extra"]
[Source "ChessBase"]
[SourceDate "2018.11.04"]
[SourceVersion "1"]
[SourceVersionDate "2018.11.04"]
[SourceQuality "1"]

1. e4 c5 2. Nf3 e6 3. d4 cxd4 4. Nxd4 a6 5. Nc3 Qc7 6. Be2 Nf6 7. 0-0 d6 8. Qd3 b5 9. b4 Bb7 10. a4 bxa4 11. Rxa4 Nbd7 12. Qe3 Nb6 13. Ra2 Nc4 14. Qh3 Be7 15. b5 a5 16. Bg5 Qc5 17. Bxf6 gxf6 18. Nb3 Qc7 19. Bxc4 Qxc4 20. Nxa5 Qc8 21. Rfa1 0-0 22. Qe3 Rd8 23. Nxb7 Qxb7 24. Ra7 Bf8 25. h4 Rxa7 26. Rxa7 Qb8 27. b6 Rc8 28. b7 Rxc3 29. Qxc3 Qxa7 30. Qc8 Qa1+ 31. Kh2 Qe5+ 32. g3 Qd4 33. Kg1 Qd1+ 34. Kg2 Qe1 35. b8Q Qxe4+ 36. Kh2 1-0

[Event "Zadar op-A 25th"]
[Site "Zadar"]
[Date "2018.12.17"]
[Round "4"]
[White "Mohite, Ranveer"]
[Black "Tomazini, Zan"]
[Result "0-1"]
[WhiteElo "2236"]
[BlackElo "2437"]
[PlyCount "60"]
[EventDate "2018.12.15"]
[EventType "swiss"]
[EventRounds "9"]
[EventCountry "CRO"]
[SourceTitle "CBM 187 Extra"]
[Source "ChessBase"]
[SourceDate "2018.11.04"]
[SourceVersion "1"]
[SourceVersionDate "2018.11.04"]
[SourceQuality "1"]

1. e4 c5 2. Nf3 d6 3. d4 cxd4 4. Nxd4 Nf6 5. Nc3 g6 6. Be3 a6 7. f3 Nbd7 8. Qd2 h6 9. g4 b5 10. 0-0-0 Bb7 11. a3 Ne5 12. h4 h5 13. g5 Nfd7 14. f4 Ng4 15. Be2 Nxe3 16. Qxe3 Bg7 17. f5 Qb6 18. f6 Nxf6 19. Kb1 Nd7 20. Nd5 Bxd5 21. exd5 b4 22. axb4 0-0 23. c3 a5 24. b5 a4 25. Ka2 Qc5 26. Nc2 Qxe3 27. Nxe3 a3 28. bxa3 Nc5 29. Rb1 Bxc3 30. Rh3 Rxa3+ 0-1

[Event "Chigorin Memorial 26th"]
[Site "St Petersburg"]
[Date "2018.11.03"]
[Round "8"]
[White "Saveliev, Alexei"]
[Black "Mohite, Ranveer"]
[Result "0-1"]
[WhiteElo "2365"]
[BlackElo "2091"]
[PlyCount "144"]
[EventDate "2018.10.27"]
[EventType "swiss"]
[EventRounds "9"]
[EventCountry "RUS"]
[SourceTitle "CBM 187 Extra"]
[Source "ChessBase"]
[SourceDate "2018.11.04"]
[SourceVersion "1"]
[SourceVersionDate "2018.11.04"]
[SourceQuality "1"]

1. e4 e5 2. Nf3 Nc6 3. Bb5 a6 4. Ba4 Nf6 5. 0-0 Be7 6. Re1 b5 7. Bb3 d6 8. c3 0-0 9. h3 Nb8 10. d4 Nbd7 11. c4 c6 12. Nc3 b4 13. Na4 c5 14. d5 Re8 15. Bc2 Nf8 16. b3 Ng6 17. Nb2 a5 18. Nh2 h6 19. a4 Nh7 20. Nd3 Bg5 21. Qh5 Bxc1 22. Raxc1 Qg5 23. Qxg5 Nxg5 24. Nf1 Bd7 25. Ng3 Rab8 26. Bd1 Nf4 27. Bc2 Ng6 28. Ra1 Ra8 29. Rad1 Rab8 30. Rd2 Bxh3 31. gxh3 Nf3+ 32. Kf1 Nxd2+ 33. Ke2 Nh4 34. Kxd2 Nf3+ 35. Ke3 Nxe1 36. Nxe1 g6 37. Ng2 Kg7 38. Bd1 Rf8 39. Bc2 Rbd8 40. Bd3 Rde8 41. Kf3 Rd8 42. Kg4 Rd7 43. h4 h5+ 44. Kf3 f6 45. Ne3 Rh8 46. Bf1 Kf7 47. Bh3 Re7 48. Kg2 Ree8 49. Kh2 Re7 50. Ng2 Rhe8 51. Kg1 Kg7 52. Kf1 Kf7 53. Ke2 Kg7 54. Kf3 Kf7 55. Ke3 Kg7 56. Ne1 Kf7 57. Nd3 Kg7 58. f4 exf4+ 59. Nxf4 f5 60. Bg2 Kh6 61. Nd3 Rf8 62. Bh3 fxe4 63. Nxe4 Rxe4+ 64. Kxe4 g5 65. Bf5 gxh4 66. Nf4 Rg8 67. Ne2 Kg5 68. Nf4 Kh6 69. Ne2 Rg2 70. Kf3 Rh2 71. Bc8 Kg5 72. Be6 Rh1 0-1

[Event "Chigorin Memorial 26th"]
[Site "St Petersburg"]
[Date "2018.10.31"]
[Round "5"]
[White "Nesterov, Arseniy"]
[Black "Mohite, Ranveer"]
[Result "1/2-1/2"]
[WhiteElo "2378"]
[BlackElo "2091"]
[PlyCount "86"]
[EventDate "2018.10.27"]
[EventType "swiss"]
[EventRounds "9"]
[EventCountry "RUS"]
[SourceTitle "CBM 187 Extra"]
[Source "ChessBase"]
[SourceDate "2018.11.04"]
[SourceVersion "1"]
[SourceVersionDate "2018.11.04"]
[SourceQuality "1"]

1. Nf3 Nf6 2. c4 e6 3. d4 b6 4. g3 Ba6 5. Qb3 Be7 6. Bg2 0-0 7. Nc3 Bb7 8. 0-0 Nc6 9. Qc2 Nb4 10. Qb1 c5 11. dxc5 bxc5 12. Rd1 Qb6 13. Be3 Nc6 14. Ng5 h6 15. Nge4 Nxe4 16. Nxe4 Nd4 17. Bxd4 cxd4 18. c5 Qc7 19. b4 f5 20. Nd2 Bxg2 21. Kxg2 Rab8 22. Nf3 Bxc5 23. Rc1 d6 24. a3 a5 25. Qa2 axb4 26. axb4 Rxb4 27. Qxe6+ Qf7 28. Qxf7+ Rxf7 29. Rc2 Rfb7 30. Ne1 Rb2 31. Ra2 Rxc2 32. Rxc2 Kf7 33. Nd3 Rb5 34. h4 g5 35. hxg5 hxg5 36. Ra2 Kf6 37. Ra8 Rb7 38. Ra6 Rc7 39. Nxc5 Rxc5 40. Rxd6+ Ke5 41. Rd8 Rd5 42. Re8+ Kf6 43. Kf3 d3 1/2-1/2

[Event "Chigorin Memorial 26th"]
[Site "St Petersburg"]
[Date "2018.10.28"]
[Round "2"]
[White "Mohite, Ranveer"]
[Black "Bunin, Serafim"]
[Result "1-0"]
[WhiteElo "2091"]
[BlackElo "1876"]
[PlyCount "115"]
[EventDate "2018.10.27"]
[EventType "swiss"]
[EventRounds "9"]
[EventCountry "RUS"]
[SourceTitle "CBM 187 Extra"]
[Source "ChessBase"]
[SourceDate "2018.11.04"]
[SourceVersion "1"]
[SourceVersionDate "2018.11.04"]
[SourceQuality "1"]

1. e4 c6 2. Nc3 d5 3. Nf3 Bg4 4. h3 Bxf3 5. Qxf3 e6 6. d3 Bc5 7. Bd2 Ne7 8. 0-0-0 d4 9. Ne2 b5 10. c3 e5 11. Qg3 Ng6 12. cxd4 Bxd4 13. h4 h5 14. Nxd4 Qxd4 15. Kb1 Nd7 16. Be2 c5 17. Be3 Qa4 18. Qg5 Rc8 19. Bxh5 Rc6 20. Rd2 Ra6 21. b3 Qa3 22. Be2 Ndf8 23. Bg4 f6 24. Qf5 Ne7 25. Qf3 c4 26. dxc4 bxc4 27. Qd1 Qb4 28. Be2 Rc6 29. Qc2 cxb3 30. Qxb3 Qxe4+ 31. Bd3 Qxg2 32. Rhd1 Re6 33. Bc4 Qg6+ 34. Ka1 f5 35. Rd8+ Kf7 36. R1d6 Rxh4 37. Rxf8+ Kxf8 38. Qb8+ Qe8 39. Qxe8+ Kxe8 40. Bxe6 f4 41. Bxa7 g5 42. Bc5 g4 43. Ra6 Kf8 44. Ra8+ Kg7 45. Bxe7 Rh1+ 46. Kb2 Rh2 47. Rg8+ Kh7 48. Rxg4 Rxf2+ 49. Kc3 Rh2 50. Rh4+ Rxh4 51. Bxh4 f3 52. Kd3 Kg6 53. Bg4 f2 54. Bxf2 Kg5 55. Bc8 Kf4 56. Be3+ Kf3 57. Bb7+ Kg3 58. a4 1-0

[Event "Goa op 1st"]
[Site "Taleigao"]
[Date "2018.10.14"]
[Round "2"]
[White "Mohite, Ranveer"]
[Black "Viani, Antonio Dcunha"]
[Result "1/2-1/2"]
[WhiteElo "2091"]
[BlackElo "2430"]
[PlyCount "130"]
[EventDate "2018.10.13"]
[EventType "swiss"]
[EventRounds "10"]
[EventCountry "IND"]
[SourceTitle "CBM 186 Extra"]
[Source "ChessBase"]
[SourceDate "2018.08.24"]
[SourceVersion "1"]
[SourceVersionDate "2018.08.24"]
[SourceQuality "1"]

1. e4 e5 2. Nf3 Nc6 3. Bb5 a6 4. Ba4 Nf6 5. 0-0 Be7 6. Re1 b5 7. Bb3 0-0 8. h3 d6 9. c3 Nb8 10. d4 Nbd7 11. Nbd2 Bb7 12. Bc2 c5 13. Nf1 cxd4 14. cxd4 Re8 15. Ng3 exd4 16. Nxd4 Bf8 17. Bf4 Ne5 18. Ndf5 d5 19. Bxe5 Rxe5 20. f4 Qb6+ 21. Kh2 Rxe4 22. Nxe4 dxe4 23. Qe2 Re8 24. Ne3 Bc5 25. Rac1 h5 26. Bb3 h4 27. Qf2 Rd8 28. Rxc5 Qxc5 29. Qxh4 Qh5 30. Qg5 Rd2 31. Nf5 Qxg5 32. fxg5 Nd5 33. Bxd5 Bxd5 34. Ne7+ Kf8 35. Nxd5 Rxd5 36. Rxe4 Rxg5 37. a4 a5 38. axb5 Rxb5 39. Re2 f5 40. h4 Kf7 41. g3 Kf6 42. Kg2 a4 43. Kf2 Rb3 44. Kg2 g6 45. Kh2 Kg7 46. Kg2 Kh6 47. Rf2 Kg7 48. Kh3 Rb4 49. Rc2 f4 50. gxf4 Rxf4 51. Rc7+ Kf6 52. Ra7 Rb4 53. Kg3 Kf5 54. Ra5+ Ke4 55. Ra6 Kf5 56. Ra5+ Kf6 57. Kh3 Ke6 58. Kg3 Kf6 59. Kh3 Kg7 60. Kg3 Kh6 61. Kh3 Rd4 62. Kg3 Rd3+ 63. Kg4 Rb3 64. Rxa4 Rxb2 65. Ra5 Rb4+ 1/2-1/2